| 000 | 00617nam a2200205 i 4500 | ||
|---|---|---|---|
| 001 | 24016 | ||
| 003 | ES-MaACL | ||
| 007 | t| | ||
| 008 | 021213s1974 sp ||||1| spa d | ||
| 100 | 1 |
_aAndreani, Tony. _921549 |
|
| 245 | 1 | 0 |
_aMarxismo y antropología / _cTony Andreani ; [traducción de Nuria Garreta y Ana Botana]. |
| 260 |
_a[Barcelona] : _bAnagrama, _c[1974] |
||
| 300 |
_a105 p. ; _c18 cm. |
||
| 490 | 1 | _aCuadernos Anagrama | |
| 700 | 1 |
_aGarreta, Nuria. _955656 |
|
| 700 | 1 |
_aBotana, Ana. _930736 |
|
| 830 | 0 |
_aCuadernos Anagrama _9181159 |
|
| 852 |
_aES-MaACL _jE-6423 _bR.90753 |
||
| 999 |
_c24016 _d24016 |
||